000
00217 a2200097 4500
001
18829
100
_a
Beiser, A
245
_a
Perspectives of modern physics
260
_a
_b
Mc Graw Hill
_c
1969
090
_c
13949
_d
13949
942
_a
NUST-CAE
_c
M
_c
4390
999
_c
253902
_d
253902